00244nam a2200073Ia 4500008004100000082000800041100001800049245010300067240331s9999 xx 000 0 und d bAMA aAmarasinghe,R 0aTwenty Two Years of Devolution :bAn Evaluation of the Working of Provincial Councils in Sri Lanka